Statistics for Michigan Basketball: Top 10 All-Time Leaders

Click here to take the quiz!

General Stats

  • This quiz has been taken 59 times
    (2 since last reset)
  • The average score is 9 of 90

Answer Stats

Category#PlayerAmount% Correct
Blocks3Chris Webber175
100%
Field Goal Percent2Chris Webber58.9%
100%
Rebounds10Hunter Dickinson787
100%
Blocks7Hunter Dickinson149
100%
Field Goal Percent3Hunter Dickinson57.0%
100%
Points Per Game10Jalen Rose17.5
100%
Points8Jalen Rose1,788
100%
Assists10Jalen Rose401
100%
Three Pointers Made9Tim Hardaway Jr.202
100%
Assists4Antoine Joubert539
0%
Steals4Bernard Robinson169
0%
Rebounds2Bill Buntin1,037
0%
Points Per Game4Bill Buntin21.8
0%
Points9Bill Buntin1,725
0%
Blocks8Brent Petway146
0%
Points Per Game6Campy Russell21.2
0%
Points Per Game1Cazzie Russell27.1
0%
Points5Cazzie Russell2,164
0%
Blocks2Courtney Sims213
0%
Games10Courtney Sims133
0%
Assists6Daniel Horton484
0%
StealsT2Daniel Horton187
0%
Three Pointers MadeT5Daniel Horton233
0%
Steals8Derrick Walton Jr.146
0%
Assists5Derrick Walton Jr.499
0%
Three Pointers MadeT5Derrick Walton Jr.233
0%
Three Pointers Made2Dion Harris268
0%
Three Pointers Made4Duncan Robinson237
0%
Blocks6Ekpe Udoh159
0%
Games1Eli Brooks159
0%
Blocks4Eric Riley168
0%
Assists8Eric Turner421
0%
Steals1Gary Grant300
0%
Assists1Gary Grant731
0%
Field Goal Percent8Gary Grant52.8%
0%
Points4Gary Grant2,222
0%
Points Per Game9Glen Rice18.2
0%
Rebounds6Glen Rice859
0%
GamesT7Glen Rice134
0%
Field Goal Percent4Glen Rice56.9%
0%
Points1Glen Rice2,442
0%
Points Per Game3Henry Wilmore23.6
0%
StealsT2Jimmy King187
0%
Points Per Game7John Tidwell20.1
0%
Blocks5Jon Teske165
0%
GamesT4Jordan Morgan142
0%
Blocks10Josh Asselin136
0%
Points6LaVell Blanchard1,818
0%
Rebounds7LaVell Blanchard845
0%
Three Pointers Made10LaVell Blanchard189
0%
Three Pointers Made1Louis Bullock339
0%
Points3Louis Bullock2,224
0%
Rebounds3Loy Vaught993
0%
Field Goal Percent1Loy Vaught61.7%
0%
GamesT7Loy Vaught134
0%
Rebounds9Maceo Baston830
0%
Blocks9Maceo Baston138
0%
Points10Manny Harris1,668
0%
Steals9Manny Harris144
0%
Rebounds8M.C. Burton833
0%
Points2Mike McGee2,439
0%
Points Per Game5Mike McGee21.4
0%
Games3Muhammad-Ali Abdur-Rahkman144
0%
Rebounds4Phil Hubbard979
0%
Field Goal Percent7Phil Hubbard53.5%
0%
Points Per Game8Rickey Green19.7
0%
Field Goal Percent5Robert Taylor56.6%
0%
Rebounds5Roy Tarpley953
0%
Blocks1Roy Tarpley251
0%
Field Goal Percent10Roy Tarpley52.2%
0%
Points7Rudy Tomjanovich1,808
0%
Rebounds1Rudy Tomjanovich1,039
0%
Points Per Game2Rudy Tomjanovich25.1
0%
Assists3Rumeal Robinson575
0%
Steals7Rumeal Robinson150
0%
Field Goal Percent9Rumeal Robinson52.8%
0%
Three Pointers Made8Stu Douglass205
0%
Games6Stu Douglass136
0%
Field Goal Percent6Terry Mills56.1%
0%
Steals10Thad Garner143
0%
Steals5Travis Conlan167
0%
Assists7Travis Conlan480
0%
Assists9Trey Burke416
0%
Three Pointers Made7Zack Novak213
0%
GamesT7Zack Novak134
0%
GamesT4Zak Irvin142
0%
Three Pointers Made3Zak Irvin241
0%
Games2Zavier Simpson146
0%
Assists2Zavier Simpson667
0%
Steals6Zavier Simpson156
0%

Score Distribution

Percentile by Number Answered

Percent of People with Each Score

Your Score History

You have not taken this quiz since the last reset